000 01542cac a22003131u 4500
090 _c6878
008 081112t2006 xxu||||| |||| 00| 0 eng d
010 _a2005024028
020 _a140511519X (hardback : alk. paper)
020 _a1405115203 (pbk. : alk. paper)
020 _a9781405115193
020 _a9781405115209
035 _a(OCoLC)ocm61448049
082 0 0 _a170
_bWHI
100 _aWhite, Nicholas P.,
245 1 2 _aA brief history of happiness /
_cNicholas White.
260 _aMalden, MA ;
_aOxford :
_bBlackwell Pub.,
_cc.2006.
300 _ax, 194 p. ;
_c23 cm.
500 _aDistributer: Al-Ahram.
504 _aIncludes bibliographical references (p. [181]-186) and index.
505 0 _aIntroducing the subject -- Conflicts, perspectives, and the identification of happiness -- Pleasure, hedonism, and the measurement of happiness -- Happiness as structure and harmony -- Morality, happiness, and conflict -- Happiness, fact, and value -- Doing without the concept.
511 _aCatalogued By: Mahitab.
650 0 _aHappiness
_xHistory.
856 4 1 _3Table of contents
_uhttp://www.loc.gov/catdir/toc/ecip0518/2005024028.html
856 4 1 _3Publisher description
_uhttp://www.loc.gov/catdir/enhancements/fy0802/2005024028-d.html
856 4 1 _3Contributor biographical information
_uhttp://www.loc.gov/catdir/enhancements/fy0802/2005024028-b.html
942 _cBB
_k170WHI
_2ddc
999 _c6878
_d6878